La estrella sobre la fuente

Gespeichert in:
Bibliographische Detailangaben
1. Verfasser: Goudge, Elizabeth
Format: Buch
Sprache:Undetermined
Veröffentlicht: México, Distrito Federal Cumbre 1954
Schlagworte:
Tags: Tag hinzufügen
Keine Tags, Fügen Sie den ersten Tag hinzu!

MARC

LEADER 00000nam a2200000Ia 4500
008 170316s9999 xx 000 0 und d
040 |a cru BVZT 
090 |a 810 G-19e 
100 |a Goudge, Elizabeth 
245 |a La estrella sobre la fuente 
260 |a México, Distrito Federal 
260 |b Cumbre 
260 |c 1954 
300 |a 321 páginas 
650 |a LITERATURA ESTADOUNIDENSE 
999 |c 5665  |d 5665 
942 |c 15 D  |h 810 G-19e  |2 z